header

The play of space (Record no. 54773)

MARC details
000 -LEADER
fixed length control field 01230nam a2200313Ia 4500
100 1# - MAIN ENTRY--AUTHOR NAME
Personal name Rehm, Rush.
245 14 - TITLE STATEMENT
Title The play of space
260 ## - PUBLICATION, DISTRIBUTION, ETC. (IMPRINT)
Place of publication Princeton, NJ ;
-- Oxford, Oxfordshire :
Name of publisher Princeton University Press,
Year of publication c2002.
300 ## - PHYSICAL DESCRIPTION
Number of Pages 448 p. :
Other physical details ill.
650 #0 - SUBJECT ADDED ENTRY--TOPICAL TERM
Topical Term Greek drama (Tragedy)
Topical Term Theater
Topical Term Theater
Topical Term Space perception.
856 40 - ELECTRONIC LOCATION AND ACCESS
Uniform Resource Identifier http://site.ebrary.com/lib/rucke/Doc?id=10328919

No items available.

© 2026 Rongo University
Contact us: librarian | system librarian | Rongo university